[Event "Geneve op"]
[Site "Geneve"]
[Date "1994.??.??"]
[Round "4"]
[White "Ikonnikov, Vyacheslav"]
[Black "Olivier, Jean Christophe"]
[Result "1/2-1/2"]
[WhiteElo "2515"]
[BlackElo "2230"]

1.d4 d5 2.Nf3 c5 3.c4 dxc4 4.d5 Nf6 5.Nc3 e6 6.e4 exd5 7.e5 Nfd7 8.Bg5 f6
9.exf6 gxf6 10.Bh4 Nb6 11.Ne5 Qe7 12.Qh5+ Kd8 13.O-O-O Be6 14.Nxd5 Bxd5 15.Nf7+ Kc7
16.Rxd5 Nxd5 17.Bxc4 Nb4 18.Bg3+ Kb6 19.Bd6 Qxd6 20.Nxd6 Bxd6 21.g3 Be5 22.f4 Bd4
23.Re1 N8c6 24.a3 Na6 25.Bd5 Nc7 26.Bxc6 bxc6 27.Re7 Rae8 28.Rxh7 Rxh7 29.Qxh7 Re2
30.Qh8 Kb7 31.Qh7 Rxb2 32.h4 Kb6 33.Qg8 Kb7 34.Qh7 a5 35.a4 Rg2 36.h5 Rxg3
37.Qb1+ Ka7 38.Qh7 Kb8 39.h6 Rh3 40.Kd1 Rh2 41.Qg8+ Kb7 42.Qb3+ Ka7 43.Qf7 Kb6
44.Qb3+ Ka7  1/2-1/2

[Event "BL2-S9394"]
[Site "Germany"]
[Date "1994.??.??"]
[Round "?"]
[White "Mandel, Andreas"]
[Black "Howell, James C"]
[Result "1/2-1/2"]
[WhiteElo "2370"]
[BlackElo "2495"]

1.d4 d5 2.c4 dxc4 3.Nf3 a6 4.e3 e6 5.Bxc4 c5 6.O-O Nf6 7.Bd3 cxd4 8.exd4 Be7
9.Nc3 O-O 10.Bg5 b5 11.Rc1 Bb7 12.Bxf6 Bxf6 13.Ne4 Bd5 14.Ne5 Bxe5 15.dxe5 Qh4
16.Re1 Nd7 17.Nc3 Bb7 18.Re3 Rfd8 19.Rh3 Qg5 20.Bxh7+ Kf8 21.Be4 Nc5 22.Qe1 g6
23.Bxb7 Nxb7 24.Rh8+ Kg7 25.Rxd8 Rxd8 26.b4 Rh8 27.h3 Nd8 28.a3 Rh4 29.Rd1 Nc6
30.Ne4 Qxe5 31.Nc5 Qxe1+ 32.Rxe1 a5 33.bxa5 Nxa5 34.Rb1 Nc4 35.Rxb5 Nxa3
36.Rb7 Kf6 37.f3 Rh8 38.Rb3 Nc4 39.Rc3 Nd6 40.Rd3 Ke7 41.Kf2 Rc8 42.Ne4 Rc2+
43.Kg3 Nf5+ 44.Kh2 e5 45.Rd2 Rc4 46.Ra2 Rc7  1/2-1/2

[Event "BL2-O9394"]
[Site "Germany"]
[Date "1994.??.??"]
[Round "?"]
[White "Spiess, Gunter"]
[Black "Bus, Mariusz"]
[Result "1/2-1/2"]
[WhiteElo "2360"]
[BlackElo "2370"]

1.d4 d5 2.c4 dxc4 3.Nf3 c5 4.e3 Nf6 5.Bxc4 e6 6.O-O a6 7.a4 Nc6 8.Qe2 Qc7
9.Nc3 Be7 10.dxc5 Bxc5 11.e4 Ng4 12.g3 O-O 13.Bf4 e5 14.Nd5 Qd6 15.Bd2 Nf6
16.Bc3 Bg4 17.Rfd1 Nd4 18.Bxd4 Bxd4 19.h3 Bxf3 20.Qxf3 Rac8 21.Nxf6+ Qxf6
22.Qxf6 gxf6 23.Bd3 Rc6 24.Rab1 Rfc8 25.Kf1 Rb6 26.b4 Rc3 27.a5 Rd6 28.b5 Ra3
29.bxa6 bxa6 30.Bc4 Rxa5 31.Rb7 Rc6 32.Bxf7+ Kf8 33.Bd5 Rc2 34.Rdb1 Ke8 35.Rxh7  1/2-1/2

[Event "Groningen op"]
[Site "Groningen"]
[Date "1994.??.??"]
[Round "2"]
[White "Brenninkmeijer, Joris"]
[Black "Afek, Yochanan"]
[Result "1/2-1/2"]
[WhiteElo "2490"]
[BlackElo "2395"]

1.d4 d5 2.c4 dxc4 3.Nf3 c5 4.d5 e6 5.Nc3 exd5 6.Qxd5 Qxd5 7.Nxd5 Na6 8.e4 Ne7
9.Nxe7 Bxe7 10.Bxc4 Nc7 11.a4 Be6 12.Bxe6 Nxe6 13.Be3 O-O-O 14.Ke2 Bf6 15.e5 Be7
16.Rad1 Kc7 17.b3 Kc6 18.Rc1 Rd5 19.b4 a6 20.Rc3 b6 21.Rb1 Rc8 22.Nd2 b5
23.bxc5 Rxe5 24.Nb3 Bd8 25.axb5+ axb5 26.Kf1 Ra8 27.Nc1 Ra4 28.Rcb3 Nxc5  1/2-1/2

[Event "Hania op"]
[Site "Hania"]
[Date "1994.??.??"]
[Round "5"]
[White "Nenashev, Alexander"]
[Black "Afek, Yochanan"]
[Result "1-0"]
[WhiteElo "2575"]
[BlackElo "2400"]

1.d4 d5 2.c4 dxc4 3.Nf3 c5 4.e3 cxd4 5.Bxc4 d3 6.O-O Nf6 7.Nc3 Nc6 8.a3 g6
9.Qb3 e6 10.Rd1 Bg7 11.Bxd3 Qe7 12.Ne4 O-O 13.Bd2 e5 14.Nxf6+ Bxf6 15.Be4 Be6
16.Qa4 Rfc8 17.Bc3 Qc7 18.Rd2 Rab8 19.Rc1 b5 20.Qd1 Na5 21.Bd5 Bxd5 22.Rxd5 e4
23.Nd4 a6 24.Qg4 Nc4 25.Rd1 Qe7 26.Nf5 Qe6 27.Nh6+ Kg7 28.Rf5 Nxe3 29.Bxf6+ Qxf6
30.fxe3  1-0

[Event "HUN-chT 9394"]
[Site "?"]
[Date "1994.??.??"]
[Round "?"]
[White "Farago, Ivan"]
[Black "Skomorokhin, Roman"]
[Result "1-0"]
[WhiteElo "2515"]
[BlackElo "2395"]

1.d4 d5 2.c4 dxc4 3.Nf3 a6 4.e4 b5 5.a4 Bb7 6.Nc3 b4 7.Bxc4 e6 8.Qb3 Nc6
9.a5 Nxd4 10.Nxd4 Qxd4 11.Be3 Qf6 12.O-O-O Nh6 13.Nb5 Qe7 14.Na7 c6 15.Qa4 Qc7
16.g3 Be7 17.Bb6 Bg5+ 18.f4 Bxf4+ 19.Kb1 Qe5 20.gxf4 Qxe4+ 21.Bd3 Qxf4 22.Rhf1 Qh4
23.Bxa6 Qe4+ 24.Bd3  1-0

[Event "HUN-chT 9394"]
[Site "?"]
[Date "1994.??.??"]
[Round "?"]
[White "Petran, Pal"]
[Black "Krizsany, Laszlo"]
[Result "1-0"]
[WhiteElo "2475"]
[BlackElo "2385"]

1.d4 d5 2.c4 dxc4 3.Nf3 c5 4.d5 e6 5.Nc3 exd5 6.Qxd5 Qxd5 7.Nxd5 Na6 8.e4 Ne7
9.Ne3 Nc7 10.Nxc4 Ng6 11.Be3 Be7 12.Be2 O-O 13.O-O b6 14.a4 Bb7 15.Nfd2 f5
16.f3 fxe4 17.fxe4 Rxf1+ 18.Bxf1 Rd8 19.Rc1 Bf6 20.b3 Ne6 21.g3 Bd4 22.Bxd4 Nxd4
23.Kf2 Kf8 24.Ke3 Ke7 25.h3 Bc8 26.a5 b5 27.Nb2 c4 28.bxc4 b4 29.Nd3 Nc6
30.Rb1 Ba6 31.Nxb4 Nxb4 32.Rxb4 Ne5 33.Rb2 Rc8 34.Kd4 Ke6 35.h4 Kd6 36.c5+  1-0

[Event "HUN-chT 9394"]
[Site "?"]
[Date "1994.??.??"]
[Round "?"]
[White "Lengyel, Levente"]
[Black "Gyimesi, Zoltan"]
[Result "1/2-1/2"]
[WhiteElo "2385"]
[BlackElo "2360"]

1.d4 d5 2.c4 dxc4 3.Nf3 c5 4.e3 cxd4 5.Qxd4 Qxd4 6.Nxd4 a6 7.Bxc4 Bd7 8.O-O e6
9.b3 Nf6 10.Bb2 Nc6 11.Nxc6 Bxc6 12.Nd2 Bb4 13.Nf3 Bxf3 14.gxf3 Ke7 15.Rfd1 Rac8
16.Rac1 b5  1/2-1/2

[Event "IND-ch"]
[Site "?"]
[Date "1994.??.??"]
[Round "4"]
[White "Mishra, Neeraj Kumar"]
[Black "Shantharam, KV."]
[Result "1-0"]
[WhiteElo "2375"]
[BlackElo "2260"]

1.d4 d5 2.c4 dxc4 3.Nf3 a6 4.e3 Nf6 5.Bxc4 c5 6.O-O cxd4 7.exd4 e6 8.Nc3 Be7
9.Qe2 b5 10.Bb3 Bb7 11.Ne5 O-O 12.Re1 Nbd7 13.Nxf7 Kxf7 14.Qxe6+ Ke8 15.Bf4 Nb6
16.Bd6 Nc8 17.Bxe7 Nxe7 18.d5 Bc8 19.Qc6+ Bd7 20.Rxe7+ Kxe7 21.d6+  1-0

[Event "Isla Guitart op"]
[Site "Isla Guitart "]
[Date "1994.??.??"]
[Round "?"]
[White "Leyva, Hector"]
[Black "Valdes, Luis E"]
[Result "1-0"]
[WhiteElo "2300"]
[BlackElo "2325"]

1.d4 d5 2.c4 dxc4 3.Nf3 c5 4.e3 cxd4 5.exd4 Be6 6.Nc3 Nf6 7.Ne5 Nc6 8.Nxc6 bxc6
9.Qa4 Qd7 10.Bxc4 Bxc4 11.Qxc4 e6 12.O-O Be7 13.Be3 O-O 14.Rac1 Nd5 15.Nxd5 cxd5
16.Qc7 Rfd8 17.Qxd7 Rxd7 18.Rc2 Bd6 19.Rfc1 f5 20.f4 Kf7 21.Kf2 Rb7 22.b3 a5
23.Bd2 a4 24.b4 a3 25.Rc3 Ra4 26.Rb3 Ke7 27.Ke2 Kd7 28.Kd3 Rb5 29.g3 h6 30.Rcb1 g6
31.Rc1 g5 32.Rcb1 g4 33.Rh1 Kc6 34.Rc1+ Kb7 35.Re1 Rb6 36.Rxe6 Bc7 37.Re7 Kb8
38.Rf7 Rd6 39.Rxf5 Kb7 40.Rf7 Kb6 41.b5 Bd8 42.Bb4 Rxb4 43.Rxb4 Re6 44.Rb1 Be7
45.f5 Re4 46.f6 Bd6 47.Rd7  1-0

[Event "Isle of Man op"]
[Site "Isle of Man"]
[Date "1994.??.??"]
[Round "1"]
[White "Merriman, John"]
[Black "Baburin, Alexander"]
[Result "1/2-1/2"]
[WhiteElo "2265"]
[BlackElo "2515"]

1.d4 d5 2.c4 dxc4 3.Nf3 a6 4.e3 Nf6 5.Bxc4 e6 6.a4 c5 7.O-O Nc6 8.Nc3 Qc7
9.Qe2 Bd6 10.dxc5 Bxc5 11.e4 Ng4 12.g3 O-O 13.Bf4 e5 14.Nd5 Qd6 15.Bd2 Nf6
16.b4 Nxb4 17.Bxb4 Bxb4 18.Nxb4 Qxb4 19.Nxe5 Qc5 20.Qb2 Bh3 21.Bxf7+ Kh8
22.Rfc1 Qe7 23.Bd5 Rae8 24.f4 Nxd5 25.exd5 Qd6 26.Qd4 Rd8 27.Rab1 Be6  1/2-1/2

[Event "JUG-chT2"]
[Site "?"]
[Date "1994.??.??"]
[Round "2"]
[White "Maksimovic, Branimir"]
[Black "Krstic, Ranko"]
[Result "1-0"]
[WhiteElo "2370"]
[BlackElo "2260"]

1.d4 d5 2.c4 dxc4 3.Nf3 a6 4.e4 b5 5.a4 Bb7 6.axb5 axb5 7.Rxa8 Bxa8 8.Nc3 e6
9.Nxb5 Bxe4 10.Bxc4 Bb4+ 11.Nc3 Nd7 12.O-O Bxc3 13.bxc3 Ne7 14.Re1 Nf6 15.Bg5 Qa8
16.Ne5 Ned5 17.Bb5+ Kf8 18.Bc6 Qa2 19.Qa1 Qxa1 20.Rxa1 Nb6 21.Bxe4 Nxe4 22.Nd7+ Ke8
23.Nxb6 cxb6 24.Ra8+ Kd7 25.Rxh8 Nxg5 26.f3  1-0

[Event "Kstovo op"]
[Site "Kstovo"]
[Date "1994.??.??"]
[Round "9"]
[White "Skomorokhin, Roman"]
[Black "Lugovoi, Aleksei"]
[Result "1-0"]
[WhiteElo "2375"]
[BlackElo "2465"]

1.d4 d5 2.c4 dxc4 3.Nf3 c5 4.e3 cxd4 5.Bxc4 Qc7 6.Qb3 e6 7.Nxd4 a6 8.Bd2 Nd7
9.Nc3 Ngf6 10.Be2 b5 11.Bf3 Nc5 12.Qc2 Bb7 13.Rc1 e5 14.Nb3 Bxf3 15.gxf3 Nxb3
16.Qxb3 Qb7 17.Rg1 g6 18.e4 h6 19.Nd1 Rc8 20.Rxc8+ Qxc8 21.Ke2 Bd6 22.Bb4 Bxb4
23.Qxb4 Qc2+ 24.Ke3 Qc1+ 25.Ke2 Qc2+ 26.Ke1 Kd7 27.Qd2+ Qxd2+ 28.Kxd2 Ke6
29.Ne3 Rd8+ 30.Kc3 Rc8+ 31.Kb4 Rd8 32.Rd1 Rd4+ 33.Kc3 b4+ 34.Kb3 Nd7 35.Rxd4 exd4
36.Nc4 f5 37.Kxb4 fxe4 38.fxe4 Ne5 39.Nd2 Ng4 40.Kc4 Ke5 41.f3 Nxh2 42.b4 g5
43.a4 h5 44.b5 axb5+ 45.axb5 g4 46.b6 Kd6 47.e5+ Kc6 48.e6  1-0

[Event "SWZ-ch int"]
[Site "Luzern"]
[Date "1994.??.??"]
[Round "1"]
[White "Huss, Andreas"]
[Black "Brunner, Lucas"]
[Result "0-1"]
[WhiteElo "2430"]
[BlackElo "2525"]

1.d4 d5 2.c4 dxc4 3.Nf3 a6 4.e3 e6 5.a4 Nf6 6.Bxc4 c5 7.O-O Nc6 8.Qe2 Qc7
9.Nc3 Be7 10.h3 O-O 11.b3 b6 12.Bb2 Bb7 13.Rfd1 Na5 14.Ne5 Rfd8 15.Rac1 Nxc4
16.bxc4 Rac8 17.Ba1 cxd4 18.exd4 Nd7 19.Nxd7 Qxd7 20.d5 Bf6 21.Qg4 exd5 22.Nxd5 Bxd5
23.Qxd7 Rxd7 24.Bxf6 Be6 25.Rxd7 Bxd7 26.Bd4 b5 27.axb5 Bxb5 28.c5 f6 29.f3 Kf7
30.Kf2 Ke6 31.Be3 Kd5 32.Rd1+ Kc4 33.Rc1+ Kd3 34.Rd1+ Kc2 35.Ra1 Kb2 36.Bd4+ Kb3
37.Be3 Rd8 38.Ke1 Rd3 39.Bd2 Kb2 40.Ra5 g5 41.c6 Rd6 42.c7 Rc6 43.f4 Rxc7
44.fxg5 Re7+ 45.Kd1 Be2+ 46.Ke1 Bc4+ 47.Kf2 Re2+ 48.Kf3 Rxd2 49.gxf6 Kb3
50.g4 Kb4 51.Re5 Rd3+ 52.Kg2 Rd7 53.h4 a5 54.g5 Bf7 55.Re4+ Kb5 56.Re5+ Kb6
57.Kg3 a4 58.Re3 Rd4 59.Rf3 Rb4 60.h5 Rb3 61.g6 hxg6 62.h6 Rb5 63.Kg2 Ka5
64.h7 Rb2+ 65.Kg3 Rb8 66.Kf4 Rh8 67.Rh3 Be6 68.Re3 Bf7 69.Rh3 Kb4 70.Kg5 a3
71.Rh4+ Kb5 72.Kh6 a2 73.Rh1 Bg8 74.f7 Rxh7+ 75.Kxg6 Rxf7 76.Ra1 Rf2  0-1

[Event "Maribor Pirc"]
[Site "Maribor"]
[Date "1994.??.??"]
[Round "2"]
[White "Gostisa, Leon"]
[Black "Osmanbegovic, Suad"]
[Result "1-0"]
[WhiteElo "2410"]
[BlackElo "2360"]

1.d4 d5 2.c4 dxc4 3.Nf3 c5 4.e3 cxd4 5.Bxc4 e6 6.exd4 Nf6 7.O-O Be7 8.Nc3 O-O
9.Re1 Nbd7 10.Bb3 Nb6 11.Qd3 Nbd5 12.a3 Nxc3 13.bxc3 b6 14.Ne5 Bb7 15.Bg5 Nd5
16.Bc2 f5 17.Bd2 Bg5 18.c4 Nf4 19.Bxf4 Bxf4 20.Rad1 Qd6 21.Qe2 Rac8 22.Ba4 Rcd8
23.Qb2 Bxe5 24.Rxe5 Bc6 25.Bb3 Rfe8 26.Rxf5 Kh8 27.Re5  1-0

[Event "Maribor Pirc"]
[Site "Maribor"]
[Date "1994.??.??"]
[Round "10"]
[White "Rotstein, Arkadij"]
[Black "Sermek, Drazen"]
[Result "1/2-1/2"]
[WhiteElo "2480"]
[BlackElo "2520"]

1.d4 d5 2.Nf3 c5 3.c4 dxc4 4.e3 cxd4 5.Bxc4 Qc7 6.Qb3 e6 7.exd4 Nc6 8.Nc3 a6
9.Bd3 Nf6 10.a3 Be7 11.Be3 O-O 12.Rc1 Rd8  1/2-1/2

[Event "Moscow-ch"]
[Site "Moscow"]
[Date "1994.??.??"]
[Round "?"]
[White "Gagarin, Vasilij"]
[Black "Shestakov, Sergei S"]
[Result "1-0"]
[WhiteElo "2460"]
[BlackElo "2320"]

1.d4 d5 2.c4 dxc4 3.Nf3 a6 4.e4 b5 5.a4 Bb7 6.axb5 axb5 7.Rxa8 Bxa8 8.Nc3 e6
9.Nxb5 Bxe4 10.Bxc4 Bb4+ 11.Nc3 Ne7 12.O-O Bxf3 13.Qxf3 O-O 14.Rd1 c6 15.Bg5 Qa5
16.Ne4 Qf5 17.Qe2 Nd5 18.h4 Nf4 19.Qf3 Nh3+ 20.Qxh3 Qxe4 21.Bd3 Qd5 22.Qe3 Bd6
23.Bc2 Nd7 24.Rc1 Rc8 25.Qd3 Nf8 26.Bb3 Qa5 27.g3 Nd7 28.Qe4 Qf5 29.Qxf5 exf5
30.Ba4 Nb8 31.Be3 Kf8 32.d5 c5 33.b4 c4 34.b5 Ba3 35.Rc2 c3 36.b6 Bb4 37.b7 Rd8
38.Bc6 Ke7 39.Bb6 Rg8 40.Bd4 Kd6 41.Bxc3 Nxc6 42.dxc6  1-0

[Event "Moscow ol (Men)"]
[Site "Moscow"]
[Date "1994.??.??"]
[Round "5"]
[White "Huss, Andreas"]
[Black "Hakulinen, Esko Matti"]
[Result "1/2-1/2"]
[WhiteElo "2430"]
[BlackElo "2350"]

1.d4 d5 2.c4 dxc4 3.Nf3 a6 4.e3 Nf6 5.Bxc4 e6 6.O-O c5 7.a4 Nc6 8.Qe2 cxd4
9.Rd1 Be7 10.exd4 O-O 11.Nc3 Nb4 12.Ne5 b6 13.Qf3 Ra7 14.Be3 Bb7 15.Qh3 Nfd5
16.Rd2 Ba8 17.Re1 Rc7 18.Nxd5 Bxd5 19.b3 Qa8 20.Qg3 Bd6 21.Bf4 Qb7 22.h4 b5
23.axb5 axb5 24.Bf1 Rfc8 25.h5 Rc3 26.Re3 Rxe3 27.fxe3 f6 28.Ng6 Bxf4 29.Nxf4 Qc7
30.Rf2 Bxb3 31.Bxb5 Nd5 32.Kh2 Nxf4 33.Rxf4 f5 34.h6 g6 35.Be2 Bd5 36.Bf3 Bxf3
37.Rxf3 Kf7 38.Qxc7+ Rxc7 39.g4 Kf6 40.gxf5 exf5 41.e4 Rc4 42.exf5 gxf5 43.Rd3  1/2-1/2

[Event "Moscow ol (Men)"]
[Site "Moscow"]
[Date "1994.??.??"]
[Round "8"]
[White "Guliev, Sarhan"]
[Black "Lalic, Bogdan"]
[Result "1/2-1/2"]
[WhiteElo "2490"]
[BlackElo "2530"]

1.d4 d5 2.c4 dxc4 3.Nf3 c5 4.e3 e6 5.Bxc4 a6 6.a4 Nf6 7.O-O Nc6 8.Nc3 Be7
9.Qe2 cxd4 10.Rd1 e5 11.exd4 exd4 12.Nxd4 Nxd4 13.Qe5 Qd6 14.Qxd6 Bxd6 15.Rxd4 Be5
16.Rd1 O-O 17.Nd5 Be6 18.Nxf6+ Bxf6 19.Bxe6 fxe6 20.Be3 Bxb2 21.Rab1 Rfd8
22.Rxd8+ Rxd8  1/2-1/2

[Event "Oberwart op"]
[Site "Oberwart"]
[Date "1994.??.??"]
[Round "9"]
[White "Sarkozy, Ladislav"]
[Black "Maljutin, Evgeni"]
[Result "0-1"]
[WhiteElo "2280"]
[BlackElo "2495"]

1.Nf3 d5 2.d4 c5 3.c4 dxc4 4.Nc3 cxd4 5.Qxd4 Qxd4 6.Nxd4 Bd7 7.e4 Nc6 8.Nxc6 Bxc6
9.Bxc4 e6 10.Be3 Bb4 11.f3 Bxc3+ 12.bxc3 Nf6 13.O-O-O Nd7 14.Rd6 Ke7 15.Rhd1 Rhc8
16.Bb3 b6 17.Kb2 Nc5 18.R6d4 e5 19.R4d2 Na4+ 20.Bxa4 Bxa4 21.Rb1 Rc4 22.Rd5 f6
23.Bd2 Be8 24.Ka1 Bf7 25.Rdb5 Ra4 26.R1b2 Rd8 27.R5b4 Ra3 28.c4 Rad3 29.Bc1 Rc3
30.Bd2 Rxc4 31.Rxc4 Bxc4 32.Rc2 Ke6 33.Kb2 Bf1 34.Bb4 Rd4 35.Bf8 g5 36.Ba3 Kd7
37.h3 h5 38.Rf2 Bc4 39.Kc1 h4 40.Bb2 Rd3 41.a3 Kc6 42.Kc2 Kb5 43.Bc3 a5 44.f4 gxf4
45.Rf3 Rxf3 46.gxf3 Be2 47.Be1 Kc4 48.Bxh4 Bxf3 49.Bxf6 Kd4 50.Bd8 b5 51.Bxa5 Bxe4+
52.Kd2 Bf5 53.Bb6+ Kd5 54.Bc7 Bxh3 55.Kc3 Ke4 56.Kb4 f3 57.Bb6 Kd3  0-1

[Event "Orange op"]
[Site "Orange"]
[Date "1994.??.??"]
[Round "7"]
[White "Mancini, Mario"]
[Black "Olivier, Jean Christophe"]
[Result "1/2-1/2"]
[WhiteElo "2240"]
[BlackElo "2310"]

1.d4 d5 2.c4 dxc4 3.Nf3 a6 4.a4 Nf6 5.e3 e6 6.Bxc4 c5 7.O-O Nc6 8.Qe2 Be7
9.Rd1 Qc7 10.Nc3 O-O 11.e4 cxd4 12.Nxd4 Bd7 13.h3 Rac8 14.Ba2 Rfd8 15.Bg5 Nxd4
16.Rxd4 Qe5 17.Be3 Bc5 18.Rdd1 Bc6 19.f3 Bxe3+ 20.Qxe3 g5 21.Qb6 Rxd1+ 22.Rxd1 Nd7
23.Qd4 Qxd4+ 24.Rxd4 Kf8 25.Kf2 Ne5 26.g3 Be8 27.f4 gxf4 28.gxf4 Nc6 29.Rd2 Na5
30.Ke3 Ke7 31.e5 h6 32.Rd4 Nc6 33.Rc4 f5 34.Ne2 Bd7 35.Rc3 a5 36.Nd4 Rg8
37.Nxf5+ Kd8 38.Nd6 b6 39.Ne4 Rg2 40.Nf2 Nb4 41.Bb3 Na6 42.Kf3 Rg1 43.Ne4 Rb1
44.Bc4 Nb4 45.b3 Bc6 46.Bxe6 Rf1+ 47.Ke2 Rxf4 48.Nf6 b5 49.axb5 Bxb5+ 50.Ke3 Rf1
51.Rc5 Re1+ 52.Kd2 Re2+ 53.Kd1 Re1+ 54.Kxe1 Nd3+ 55.Kd2 Nxc5 56.Bd5 a4 57.bxa4 Bxa4
58.Ke3 Nd7 59.Nxd7 Bxd7 60.h4 Ke7 61.Kf4 Bc8 62.Be4 Bd7 63.Bg6 Be6 64.Bh7 Bd7
65.Bg8 Bc8 66.Bh7 Be6 67.Bd3 Bd7 68.Bf5 Bb5 69.Bc8 Ba4 70.Bb7 Bd7 71.Ba6 Be6
72.Bb5 Bb3  1/2-1/2

[Event "Osterskan op"]
[Site "Osterskan"]
[Date "1994.??.??"]
[Round "?"]
[White "Bator, Robert"]
[Black "Hartman, Christer"]
[Result "1-0"]
[WhiteElo "2405"]
[BlackElo "2345"]

1.d4 d5 2.c4 dxc4 3.Nf3 a6 4.a4 Nf6 5.e3 Bg4 6.h3 Bxf3 7.Qxf3 Nc6 8.Bxc4 e6
9.O-O Bd6 10.Nc3 O-O 11.Ne4 Nxe4 12.Qxe4 e5 13.dxe5 Bxe5 14.Bd5 Re8 15.Bxc6 bxc6
16.Qxc6 Qd3 17.Re1 Rad8 18.Ra3 Qb1 19.Qxa6 Bd6 20.Rb3 Re6 21.Qc4 Re4 22.Qc6 Re6
23.Qb7 Qc2 24.a5 Rf6 25.f4 Rg6 26.Rc3 Qf5 27.a6 Qxh3 28.a7 c6 29.Qxc6 Bxf4
30.a8=Q Qh2+ 31.Kf1 Qh1+ 32.Ke2 Qh5+ 33.Kf1 Qh1+ 34.Ke2 Qh5+ 35.g4 Qxg4+
36.Qf3 Rxa8 37.Qxg4 Rxg4 38.exf4 h5 39.Kf3 f5 40.Rc5 Rf8  1-0

[Event "Pardubice op"]
[Site "Pardubice"]
[Date "1994.??.??"]
[Round "6"]
[White "Tunik, Gennady"]
[Black "Howell, James C"]
[Result "1/2-1/2"]
[WhiteElo "2450"]
[BlackElo "2505"]

1.d4 d5 2.c4 dxc4 3.Nf3 a6 4.e3 e6 5.Bxc4 c5 6.O-O Nf6 7.b3 b5 8.Be2 Nbd7
9.a4 bxa4 10.bxa4 Be7 11.Ba3 O-O 12.Nbd2 Bb7 13.Nc4 Ne4 14.Qe1 Bd5 15.Rc1 cxd4
16.Bxe7 Qxe7 17.Nxd4 Nec5 18.Qd1 Rab8 19.Bf3 Bxf3 20.Qxf3 Qf6 21.a5 Qxf3
22.gxf3 Nd3 23.Rb1 g5 24.Nc6 Rxb1 25.Rxb1 N3c5 26.Kf1 Kg7 27.Nd6 Kf6 28.Ke2 Ne5
29.Nxe5 Kxe5 30.Nb7 Rc8 31.Rb6 Nxb7 32.Rxb7 Rc2+ 33.Kf1 Rc5 34.Rxf7 h5 35.Rh7 h4
36.Rh5 Kd6 37.Kg2 Rxa5 38.f4 h3+ 39.Rxh3 gxf4 40.exf4 Ke7 41.Rh7+ Kf6 42.Kg3 Ra1
43.Rh6+ Kf5 44.Rh5+ Kf6 45.h4 a5 46.Rc5 a4 47.Ra5 a3 48.h5 Rg1+ 49.Kf3 Rh1
50.Kg2 Rh4 51.Kg3  1/2-1/2

[Event "World op"]
[Site "Philadelphia"]
[Date "1994.??.??"]
[Round "?"]
[White "Chow, Albert"]
[Black "Yakovich, Yuri"]
[Result "1/2-1/2"]
[WhiteElo "2310"]
[BlackElo "2520"]

1.d4 d5 2.c4 dxc4 3.Nf3 a6 4.e3 Nf6 5.Bxc4 e6 6.Qe2 c5 7.dxc5 Bxc5 8.O-O b5
9.Bd3 Nc6 10.a3 Bd6 11.Nc3 Bb7 12.b4 Ne5 13.Nxe5 Bxe5 14.Bb2 O-O 15.f4 Bc7
16.Rfd1 Qe7 17.a4 bxa4 18.Nxa4 Nd5 19.Nc5 Bb6 20.Bxh7+ Kxh7 21.Qh5+ Kg8 22.Bxg7 Kxg7
23.Qg4+ Kh7 24.Qh5+  1/2-1/2

[Event "Wisla op (Women)"]
[Site "Poland"]
[Date "1994.??.??"]
[Round "?"]
[White "Radzikowska, Krystyna"]
[Black "Wesolowska, Hanna"]
[Result "0-1"]
[WhiteElo "2050"]
[BlackElo "2080"]

1.d4 d5 2.c4 dxc4 3.Nf3 a6 4.a4 Nf6 5.Nc3 e6 6.e3 c5 7.Bxc4 Nc6 8.O-O Be7
9.Qe2 O-O 10.Rd1 Qc7 11.dxc5 Bxc5 12.h3 b6 13.e4 Bb7 14.e5 Nd7 15.Bf4 Na5
16.Bd3 h6 17.Bc2 Rfd8 18.Ne4 Nf8 19.Rac1 Rxd1+ 20.Rxd1 Bd5 21.Nxc5 Qxc5 22.Be4 Qb4
23.Bxd5 exd5 24.Qd2 Qxa4 25.Qxd5 Rc8 26.Be3 Nc4 27.Re1 Nxe3 28.Rxe3 Rc1+
29.Kh2 Qc2 30.Kg3 Qxb2 31.Rb3 Qa2 32.Qd3 b5 33.Ra3 Qe6 34.Qd2 Rc4 35.Qa2 Qf5
36.Qd2 Qg6+ 37.Kh2 b4 38.Ra5  0-1

[Event "Saanen"]
[Site "Saanen"]
[Date "1994.??.??"]
[Round "4"]
[White "Mueller, L."]
[Black "Krizsany, Laszlo"]
[Result "1/2-1/2"]
[WhiteElo "2220"]
[BlackElo "2385"]

1.d4 d5 2.c4 dxc4 3.Nf3 c5 4.d5 e6 5.Nc3 exd5 6.Qxd5 Qxd5 7.Nxd5 Na6 8.e4 Ne7
9.Nxe7 Bxe7 10.Bxc4 Nc7 11.O-O O-O 12.Bf4 Be6 13.Bxe6 Nxe6 14.Be3 Rfd8 15.Rfd1 g6
16.Rac1 b6 17.Kf1 Bf6 18.b3 Kf8 19.Ke2 Ke8 20.Rxd8+ Kxd8 21.h4 h5 22.Ng5 Bxg5
23.Bxg5+ Kc7 24.Be3 Kc6 25.f4 Rd8 26.Rd1 Rxd1 27.Kxd1 Kb5 28.Kc2 c4 29.a4+ Kb4
30.Bd2+ Ka3 31.Bc1+ Kb4 32.Bd2+ Kc5 33.Be3+ Kb4 34.Bd2+  1/2-1/2

[Event "San Martin"]
[Site "San Martin"]
[Date "1994.??.??"]
[Round "7"]
[White "Casafus, Ruben"]
[Black "Scarella, Enrique"]
[Result "0-1"]
[WhiteElo "2430"]
[BlackElo "2405"]

1.d4 d5 2.Nf3 c5 3.c4 dxc4 4.e3 cxd4 5.exd4 Be6 6.Nc3 Nf6 7.Ne5 Nc6 8.Nxc6 bxc6
9.Qa4 Qd7 10.Bxc4 Bxc4 11.Qxc4 e6 12.O-O Be7 13.Rd1 O-O 14.Be3 Rab8 15.Na4 Rb4
16.Qc2 Qd5 17.a3 Rb3 18.Nc5 Rb5 19.Nd3 Ng4 20.Rac1 Bd6 21.Nf4 Qg5 22.Qd2 Rf5
23.g3 Qh6 24.h4 Nxe3 25.fxe3 g5 26.hxg5 Rxg5 27.Qh2 Qg7 28.Kf2 c5 29.Rd2 Rb8
30.Rcc2 cxd4 31.exd4 e5 32.dxe5 Bxe5 33.b4 Re8 34.Re2 Bd4+ 35.Kf1 Rd8 36.Red2 Qf6
37.Qh4 h6 38.Kg2 Be3 39.Rxd8+ Qxd8 40.Re2 Qa8+ 41.Kh2 Qf3 42.Rg2 Bxf4 43.Qxf4 Rh5+
44.Kg1 Qd1+ 45.Kf2 Qc2+ 46.Kf3 Qd3+ 47.Kg4 Qd1+  0-1

[Event "SLO-chT"]
[Site "?"]
[Date "1994.??.??"]
[Round "?"]
[White "Petrosian, Arshak B"]
[Black "Sermek, Drazen"]
[Result "1/2-1/2"]
[WhiteElo "2455"]
[BlackElo "2520"]

1.d4 d5 2.Nf3 c5 3.c4 dxc4 4.d5 e6 5.Nc3 Ne7 6.e4 exd5 7.exd5 Nf5 8.Bxc4 Nd6
9.O-O Be7 10.Bd3 O-O 11.h3 c4 12.Bc2 Na6 13.Bf4 Nf5 14.Ne5 Bd6 15.Qd2 Qc7
16.Nb5 Qc5 17.Nxd6 Nxd6 18.Rac1 Rd8 19.Rfd1 f6 20.Nf3 b5 21.Qa5 Bb7 22.a3 Rac8
23.Be3 Qc7 24.Qc3 Qf7 25.Bxa7 Nc7 26.Bb6 Nxd5 27.Rxd5 Qxd5 28.Bxd8 Rxd8 29.Rd1 Qc6
30.Qe3 Kf7 31.Qf4 Kg8 32.Qh4 h6 33.Qg3 Nf7 34.Rxd8+ Nxd8 35.Qg6 Kf8 36.Nd4 Qd5
37.Nf5 Ne6 38.Qg3  1/2-1/2

[Event "St Petersburg op2"]
[Site "St Petersburg"]
[Date "1994.??.??"]
[Round "1"]
[White "Cherepkov, Alexander V"]
[Black "Vaulin, Alexander"]
[Result "1/2-1/2"]
[WhiteElo "2410"]
[BlackElo "2550"]

1.d4 d5 2.c4 dxc4 3.Nf3 c5 4.e3 cxd4 5.Bxc4 Qc7 6.Qb3 e6 7.Nxd4 a6 8.O-O Bd6
9.h3 Nf6 10.Nc3 O-O 11.Bd2 Bd7 12.Rac1 Nc6 13.Be2 Rac8 14.Bf3 Na5 15.Qd1 Nc4
16.Ne4 Nxe4 17.Bxe4 Qb6 18.Bc3 Nxb2 19.Bxb2 Qxb2 20.Rb1 Qxa2 21.Bxb7 Rb8
22.Ra1 Qb2 23.Bxa6 Be5 24.Rb1 Qxb1  1/2-1/2

[Event "St Petersburg op2"]
[Site "St Petersburg"]
[Date "1994.??.??"]
[Round "5"]
[White "Rychagov, Andrei"]
[Black "Donchenko, Anatoly G"]
[Result "1/2-1/2"]
[WhiteElo "2270"]
[BlackElo "2435"]

1.d4 d5 2.c4 dxc4 3.Nf3 a6 4.e3 Nf6 5.Bxc4 e6 6.O-O c5 7.Bd3 Nbd7 8.Qe2 b5
9.a4 b4 10.Nbd2 Bb7 11.Nc4 Be7 12.a5 cxd4 13.exd4 O-O 14.Bg5 Ne8 15.Bf4 Ndf6
16.Be5 Ra7 17.Nfd2 Nd6 18.Ne3 Qa8 19.f3 Bc6 20.Rfc1 Bb5 21.Ndc4 Nxc4 22.Nxc4 Qd8
23.Nb6 Bxd3 24.Qxd3 Nd7 25.Rc8 Nxe5 26.Qe4 Nxf3+ 27.gxf3 Qxc8 28.Nxc8 Rxc8
29.d5 exd5 30.Qxd5 Rac7 31.Re1 Bf6 32.Re2 g6 33.Qd6 Kg7 34.Qxa6 b3 35.Qd3 Rc2
36.Kf1 Rxe2 37.Kxe2 Rc2+ 38.Kd1 Rxb2 39.a6 Ra2 40.Qxb3 Rxa6 41.Ke2 Ra5 42.Kf2 Rh5
43.Kg2 Be5 44.h3 Rg5+ 45.Kf2 Bd4+ 46.Ke2 Rg2+ 47.Kd3 Bf6 48.Qb8 h5 49.Qc7 h4
50.Ke4 Rg1 51.Ke3 Rh1 52.Qd7 Rh2 53.Qg4 Ra2 54.Kd3 Ra5 55.Qc4 Re5 56.Qc6 Re6
57.Qd7 Bg5 58.Qd5 Kh6 59.Qa8 Kg7 60.Qd5 Be7 61.Qd4+ Bf6 62.Qd5 Re8 63.Qb5 Re7
64.Qd5 Kh6 65.Qc6 Kg7 66.Qd5 Re5 67.Qd7 g5 68.Qd6 Re1 69.Kd2 Re8 70.Qc7 Be5
71.Qd7 Bf4+ 72.Kd1 Re3 73.Qd4+ Kg6 74.Qb6+ Kf5 75.Qc5+ Kf6 76.Qd4+ Re5 77.Qb6+ Re6
78.Qd4+ Be5 79.Qd8+ Kg6 80.Qg8+ Bg7 81.Qa8 f5 82.Qc8 Re7 83.Qc6+ Bf6 84.Qc8 Re3
85.Qc6 Re7  1/2-1/2

[Event "St Petersburg op2"]
[Site "St Petersburg"]
[Date "1994.??.??"]
[Round "9"]
[White "Shipov, Sergei"]
[Black "Donchenko, Anatoly G"]
[Result "1/2-1/2"]
[WhiteElo "2525"]
[BlackElo "2435"]

1.d4 d5 2.c4 dxc4 3.Nf3 a6 4.e3 Bg4 5.Bxc4 e6 6.Nc3 Nd7 7.O-O Ngf6 8.Be2 Be7
9.e4 c6 10.Be3 O-O 11.h3 Bh5 12.d5 cxd5 13.exd5 Nc5 14.Bxc5 Bxc5 15.dxe6 fxe6
16.Ng5 Qxd1 17.Bxd1 Bxd1 18.Raxd1 Rfe8 19.Nge4 Rac8 20.Nd6 Bxd6 21.Rxd6 Kf7
22.Re1 Rc4 23.a3 h6 24.g3 e5 25.Rb6 Re7 26.Kg2 Rcc7 27.Rd1 Red7 28.Rxd7+ Nxd7
29.Rd6 Ke7 30.Rd2 Ke6 31.Ne4 Rc6 32.Kf3 a5 33.Rd3 a4 34.b3 axb3 35.Rxb3 b6
36.Ke3 Rc1 37.Rc3 Re1+ 38.Kf3 Ra1 39.h4 Ra2 40.Rc6+ Ke7 41.Rc3 Ke6 42.Rb3 Ke7
43.Nc3 Ra1 44.Nd5+ Kf7 45.Ne3 h5 46.Nc4 Ke7 47.Nxb6 Nxb6 48.Rxb6 Rxa3+ 49.Ke4 Kf7
50.Kxe5 Ra5+ 51.Kf4 Ra4+ 52.Kf3 g6 53.Rd6 Kg7 54.Ke3 Ra2 55.f3 Ra4 56.Rd4 Ra6
57.Rd7+ Kf6 58.Ke4 Re6+ 59.Kf4 Ra6 60.Rd4 Rb6 61.g4 hxg4 62.fxg4 g5+  1/2-1/2